000 01146nam a2200265Ia 4500
003 OSt
005 20220918110741.0
006 a|||||r|||| 00| 0
007 ta
008 220915b |||||||| |||| 00| 0 san d
020 _a9788183153386 (hbk (set))
_cINR 10000.00
024 _a86,222
037 _b510, 31/01/2019, Bharatiya Book Corporation
_cReference Collections
040 _aARTS
_cARTS
_bsan
041 _2san
_asan
082 _aO15v, 152Q8.1-.4(RR)
100 _aत्रिपाठी, राधावल्लभ, ले.
_91264
245 0 _aसंस्कत साहित्य का समग्र इतिहास
246 _aSanskat sāhitya kā samagra itihāsa
260 _aदिल्ली
_bन्यू भारतीय बुक कॉरपोरेशन भारत
_c2018
490 _vखण्ड 1
650 _aसंस्कृत साहित्य
_99366
942 _hO15v, 152Q8.1-.4(RR)
_cREF
999 _c114473
_d114473